00442nam a2200157Ia 4500008004100000082001100041100002000052245005300072260000800125300001200133365001600145366000800161530000900169630005300178730005300231100315s9999 xx 000 0 und d b2467  a"MEHTA, N. V. " aINCOME-TAX READY RECKONER: ASSEMENT YEAR 1990-91 c0  a352P   d1 b0.00  f0  b-   aINCOME-TAX READY RECKONER: ASSEMENT YEAR 1990-91 aINCOME-TAX READY RECKONER: ASSEMENT YEAR 1990-91